Loading...

Dalit women and human rights

Bibliografiske detaljer
Hovedforfatter: Surinder Khanna
Format: Printed Book
Udgivet: Delhi Swastik Publications 2011
Fag:
LEADER 00394nam a22001217a 4500
082 |a 305.48  |b SUR.D 
100 |a Surinder Khanna 
245 |a Dalit women and human rights 
260 |a Delhi  |b Swastik Publications  |c 2011 
650 |a Women 
942 |c BK 
999 |c 10206  |d 10206 
952 |0 0  |1 0  |4 0  |6 305_480000000000000_SUR_D  |7 0  |9 12234  |a CAMPUS  |b CAMPUS  |d 2017-07-04  |l 0  |o 305.48 SUR.D  |p 13817  |r 2017-07-04  |w 2017-07-04  |y BK